000
00313nam a2200121Ia 4500
005
20251222144735.0
008
251222s9999||||xx |||||||||||||| ||spa||
082
_a
574.5/B13/T
100
_a
Solís Gómez, Manuel Alejandro
245
0
_a
Naturaleza y Ambiente:
264
_b
Ministerio de Educación
942
_c
LIB
999
_c
18733
_d
18733